000 00447nam a2200157Ia 4500
008 210716s2004 xx 000 0 und d
020 _a9781888490305
041 _aeng
082 _a621.395 SAMR
100 _aSamuel, R D Sudhaker.
245 _aLogic design: a simplified approach.
_bSimplified approach.
250 _a1
260 _aBangalore
_bSanguine Technical Publishers
_c2004
300 _a520
650 _aLogic Design, VLSI(621.395)
999 _c186042
_d186042